| 000 | 01356cam a2200253 a 4500 | ||
|---|---|---|---|
| 001 | 000005779 | ||
| 005 | 20240514073716.0 | ||
| 008 | 830126s1965 uy b f001 0 spa | ||
| 040 |
_aDO-SdBNP _cDLC _dDLC _dOCoLC |
||
| 082 |
_a199.895 _bV393e |
||
| 100 | 1 |
_aVázquez y Vega, Prudencio, _d1853-1883. _916352 |
|
| 245 | 1 | 0 |
_aEscritos filosóficos / _cPrudencio Vázquez y vega ; selección de Arturo Ardao ; prólogo de Sergio Pittaluga Stewart. |
| 260 |
_aMontevideo, Uruguay : _bMinisterio de Instrucción Pública y Previsión Social, _c1965. |
||
| 300 |
_axxii, 228 p. ; _c20 cm. |
||
| 490 | 1 | _aBiblioteca Artigas. | |
| 490 | 1 |
_aClásicos uruguayos _v93. |
|
| 504 | _aIncluye referencias bibliográficas. | ||
| 505 | 0 | _aBiografía - Criterio de la edición - El derecho - La Humanidad - La filosofía en la época actual - Un pedazo de Caos - El dogmatismo empírico del Dr. Jurkowski - Una cuestión de política morales - Crítica de la evolucionista moral - Dominios de la Psicología y de la moral - Programa del Aula de Filosofía del Ateneo del Uruguay, año 1878 - Programa del Aula de Filosofía del Ateneo del Uruguay, año 1897. | |
| 650 | 0 |
_aFilosofía _9813 |
|
| 650 | 4 |
_aFilosofía uruguaya _916353 |
|
| 650 | 0 |
_aÉtica _9509 |
|
| 830 | 0 |
_aBiblioteca Artigas. _pclásicos uruguayos ; _v93. _916286 |
|
| 910 | _aCatalogación por copia / LC | ||
| 999 |
_c5575 _d5575 |
||